| Поле | Инд. | ПП | Название | Значение |
|---|---|---|---|---|
| Тип записи | a | |||
| Библиографический уровень | b | |||
| 001 | Контрольный номер | RU/IS/BASE/264553963 | ||
| 005 | Дата корректировки | 20200630193235.8 | ||
| 008 | Кодируемые данные | 19970522 | ||
| 084 | a | Индекс другой классификации/Индекс ББК | 63.3(0)532,1ю11 | |
| a | Индекс другой классификации/Индекс ББК | 63.3(4Фра)53-35ю11 | ||
| 097 | 00 | a | 750 | |
| 100 | 10 | a | Автор | Кривенко В. В. |
| 245 | 10 | a | Заглавие | Командный состав французской армии |
| b | Продолж. заглавия | Из доклада начальника русской Военной миссии во Франции. 1915 г. | ||
| c | Ответственность | Публикация и предисловие В. Б. Прозорова | ||
| 504 | 00 | a | Библиография | Примеч. |
| 520 | 00 | a | Аннотация | Опубликована часть доклада полковника Кривенко В. В. начальнику штаба Верховного главнокомандующего генералу Алексееву М. В.: "Командный состав и управление в бою во французской армии" |
| 650 | a | Основная рубрика | история | |
| 653 | 00 | a | Ключевые слова | XX век |
| a | Ключевые слова | армия | ||
| a | Ключевые слова | военное искусство | ||
| a | Ключевые слова | Первая мировая война 1914-1918 | ||
| a | Ключевые слова | Франция | ||
| a | Ключевые слова | французская армия | ||
| 700 | 10 | a | Автор | Прозоров В. Б. |
| e | Роль лиц | автор публикации; автор предисловия | ||
| 773 | 00 | t | Заглавие источника | Исторический архив |
| d | Дата издания источника | 1996 | ||
| g | Прочая информация | № 2. - С. 187 - 192 | ||
| w | Контрольный № источника | RU/IS/BASE/142005402 | ||
| 901 | t | Тип документа | b |